<?xml version="1.0" encoding="UTF-8"?>
<collection xmlns="http://www.loc.gov/MARC21/slim">
 <record>
  <leader>00913nam a22001935a 4500</leader>
  <controlfield tag="001">DER.der015231</controlfield>
  <controlfield tag="008">250624s2016####ag############000#0#und#d</controlfield>
  <controlfield tag="005">20250624172407.0</controlfield>
  <datafield tag="245" ind1="1" ind2="0">
   <subfield code="a">Las múltiples dimensiones del juicio por jurados :</subfield>
   <subfield code="b">estudios sobre el comportamiento del jurado. Jurado penal y jurado civil /</subfield>
   <subfield code="c">Shari Seidman Diamond ; prólogo de Edmundo S. Hendler.</subfield>
  </datafield>
  <datafield tag="250" ind1=" " ind2=" ">
   <subfield code="a">1a. ed.</subfield>
  </datafield>
  <datafield tag="260" ind1=" " ind2=" ">
   <subfield code="a">Buenos Aires :</subfield>
   <subfield code="b">Ad - Hoc,</subfield>
   <subfield code="c">2016.</subfield>
  </datafield>
  <datafield tag="300" ind1=" " ind2=" ">
   <subfield code="a">360 p.</subfield>
  </datafield>
  <datafield tag="490" ind1="1" ind2=" ">
   <subfield code="a">Jurados y participación ciudadana en la administración de justicia ;</subfield>
   <subfield code="v">4</subfield>
  </datafield>
  <datafield tag="500" ind1=" " ind2=" ">
   <subfield code="a">Veredicto unánime. Deliberación. Prueba de ADN. Duda razonable. Jurado y jueces. Instrucciones legales al jurado. Jury nullification. Verdad, justicia y jurado.</subfield>
  </datafield>
  <datafield tag="020" ind1=" " ind2=" ">
   <subfield code="a">9789877450538</subfield>
  </datafield>
  <datafield tag="100" ind1="1" ind2=" ">
   <subfield code="a">Seidman Diamond, Shari.</subfield>
  </datafield>
  <datafield tag="700" ind1="1" ind2=" ">
   <subfield code="a">Hendler, Edmundo S.,</subfield>
   <subfield code="e">prol.</subfield>
  </datafield>
  <datafield tag="650" ind1=" " ind2="7">
   <subfield code="a">DERECHO PROCESAL PENAL</subfield>
  </datafield>
  <datafield tag="859" ind1=" " ind2=" ">
   <subfield code="a">DERECHO</subfield>
   <subfield code="b">BIB. DERECHO</subfield>
   <subfield code="h">345.05</subfield>
   <subfield code="i">SEI</subfield>
   <subfield code="p">0010616</subfield>
  </datafield>
 </record>
</collection>
